000 00276nam a2200121Ia 4500
008 190216s9999||||xx |||||||||||||| ||und||
100 _aAyyer A N
245 0 _aIncome Tax Reports
260 _bNm Thripathi Pvt Ltd
_c1981
300 _a1080p
650 _aCommerce
942 _cBK
999 _c4936
_d4936